10 arts, 10 questions #4 - Culture générale - Statistiques

Statistiques générales
  • Ce quiz a été pris 163 fois
    147 depuis la dernière actualisation
  • Le résultat moyen est 9 sur 15
Statistiques - réponses
Nom de l'art Indice Réponse % Correct
4e art : Musique Genre musical né dans les années 1960 en Jamaïque, dont la figure emblématique est Bob Marley Reggae
94%
8e art : Arts médiatiques Trio présentant la célèbre émission de vulgarisation scientifique "C'est pas sorcier" entre 1993 et 2014, diffusée sur France 3 et désormais disponible gratuitement sur YouTube Jamy Gourmaud
92%
7e art :Cinéma Duo d'acteurs jouant les rôles de Philippe et Driss dans le film "Intouchables" en 2011 Omar Sy
91%
2e art :Sculpture Ville dans laquelle est située la statue de bronze "La Petite Sirène"(indice : "Den lille Havfrue" en langue locale) Copenhague
84%
9e art : Bande dessinée Série de manga créée par Eiichirō Oda, elle est la plus vendue au monde One Piece
80%
8e art :Arts médiatiques Trio présentant la célèbre émission de vulgarisation scientifique"C'est pas sorcier" entre 1993 et 2014, diffusée sur France 3 et désormais disponible gratuitement sur YouTube Frédéric Courant
67%
7e art : Cinéma Duo d'acteurs jouant les rôles de Philippe et Driss dans le film "Intouchables" en 2011 François Cluzet
57%
5e art : Littérature Traité de stratégie militaire chinois écrit au VIe siècle av. J.C. (titre du livre et nom de l'auteur) L'Art de la guerre (孫子兵法)
52%
10e art :Jeux vidéos Nom des 2 grandes factions rivales dans l'univers d'Assassin's Creed Templiers
43%
3e art : Arts visuels Il a dirigé la conception des Jardins de Versailles, accompagnés par Louis Le Vau, Jules Hardouin-Mansart et Charles Le Brun André Le Nôtre
42%
8e art :Arts médiatiques Trio présentant la célèbre émission de vulgarisation scientifique"C'est pas sorcier" entre 1993 et 2014, diffusée sur France 3 et désormais disponible gratuitement sur YouTube Sabine Quindou
39%
5e art :Littérature Traité de stratégie militaire chinois écrit au VIe siècle av. J.C.(titre du livre et nom de l'auteur) Sun Tzu (孫子)
39%
10e art : Jeux vidéos Nom des 2 grandes factions rivales dans l'univers d'Assassin's Creed Assassins
38%
1er art : Architecture Édifice religieux d'origine mésopotamienne à plusieurs étages, dont le sommet porte un temple Ziggurat
17%
6e art : Arts de la scène Genre dramatique dont l'action est figurée par des pantomimes et des danses, remontant à la Renaissance italienne Ballet
13%
Aucun quiz correspondant
Distribution des résultats
% des personnes avec chaque résultat
Percentile par nombre de réponses
Votre historique - résultats
Vous n’avez pas pris ce quiz depuis la dernière actualisation